Concelhos de Portugal começados por A - Statistics

Estatísticas Gerais
  • Esse quiz foi jogado 58 vezes
  • A pontuação média é 27 de 40
Estatísticas das Respostas
Concelhos % Correto
Aljustrel
88%
Almada
82%
Águeda
79%
Alcoutim
79%
Aveiro
79%
Abrantes
76%
Alcácer do Sal
76%
Alcanena
76%
Alijó
76%
Amares
76%
Avis
76%
Albufeira
73%
Almeida
73%
Almeirim
73%
Amarante
73%
Albergaria-a-Velha
70%
Alpiarça
70%
Alvito
70%
Aguiar da Beira
67%
Alandroal
67%
Alcobaça
67%
Alfândega da Fé
67%
Amadora
67%
Arraiolos
67%
Azambuja
67%
Alcochete
64%
Alenquer
64%
Aljezur
64%
Armamar
64%
Almodôvar
61%
Anadia
61%
Arruda dos Vinhos
61%
Ansião
58%
Alvaiázere
55%
Alter do Chão
52%
Arcos de Valdevez
52%
Arouca
52%
Arronches
52%
Arganil
48%
Angra do Heroísmo
39%
Nenhum quiz correspondente encontrado
Distribuição das Pontuações
Porcentagem de Pessoas com Cada Pontuação
Percentil de Números Respondidos
Sua Pontuação Histórica
Você não jogou esse quiz